Zachary Juarez Trivia - Statistics

General Stats
  • This quiz has been taken 12 times
  • The average score is 7 of 13
Answer Stats
Questions Answer % Correct
When is Zach's birthday 12/09/2010
100%
How old is Zach 14
100%
How tall is Zach 5'6
100%
What is Zach's favorite sport Baseball
67%
What is Zach's jersey number (basketball) 11
50%
Who is Zach's girlfriend Raven
50%
What is the most points Zach has everscored in a basketball game 4
33%
What is Zach's favorite thing to eat during1st period Fruit snacks
33%
What haircut does Zach have Ice Cream hair
33%
Who is Zach's favorite person Jeremy
33%
What is Zach's favorite word (Hint: he stole it from Jeremy) Meh
33%
What is Zach's favorite video game Rainbow 6 Siege
33%
Who are Zach's two favorite artists Trippie red and Lil Peep
33%
No matching quizzes found
Score Distribution
Percent of People with Each Score
Percentile by Number Answered
Your Score History
You have not taken this quiz